Communication of the gospel in Latin America

Salvato in:
Dettagli Bibliografici
Autore principale: Nida, Eugene A. (Eugene Albert), 1914-
Natura: Libro
Lingua:English
Pubblicazione: Cuernavaca, Mex., Centro Intercultural de Documentacion, 1969.
Serie:Sondeos no. 53
Soggetti:
LEADER 00991nam a2200253 4500
001 c000136578
003 CARM
005 00000000000000.0
008 700511s1969 mx b 00110 eng
019 1 |a 212479  |5 LACONCORD2021 
035 |a (OCoLC)71756  |5 LACONCORD2021 
050 0 0 |a BV2831  |b .N5 
100 1 |a Nida, Eugene A.  |q (Eugene Albert),  |d 1914- 
245 1 0 |a Communication of the gospel in Latin America  |c [by] Eugene A. Nida. 
260 |a Cuernavaca, Mex.,  |b Centro Intercultural de Documentacion,  |c 1969. 
300 |a 6, 145 p.  |c 23 cm. 
440 |a Sondeos  |v no. 53 
500 |a Published in 1973 under title: Understanding Latin Americans. 
504 |a Bibliography: p. [139]-142. 
650 0 |a Missions  |z Latin America. 
852 8 |b CARM  |h A2:AX00X0  |i X00000  |p 0019169  |f BK 
082 0 4 |a 266/.0098 
999 f f |i acddfaa7-5ad1-517b-89d7-7af829235999  |s ce251061-6205-51a1-9a18-8094d00ed102 
952 f f |p Can circulate  |a CAVAL  |b CAVAL  |c CAVAL  |d CARM 1 Store  |e X00000  |f A2:AX00X0  |h Other scheme  |i book  |m 0019169